A Short textbook of Pathology

Saved in:
Bibliographic Details
Main Author: SAJAL, Md Tahminur Rahman CHARU, Hosne Ara Tahmin SAJANI, Tabassum Tahmin SARNALIi, Tanjila Tahmin
Format: Book
Language:English
Published: Jaypee Brothers Medical Publishers(P) 2013
Tags: Add Tag
No Tags, Be the first to tag this record!

MARC

LEADER 00000nam a22000007a 4500
008 210812b ||||| |||| 00| 0 eng d
020 |a 9789350904640 
100 |a SAJAL, Md Tahminur Rahman  |a CHARU, Hosne Ara Tahmin  |a SAJANI, Tabassum Tahmin  |a SARNALIi, Tanjila Tahmin 
245 |a A Short textbook of Pathology  |c Tahminur Rahman Sajal ... [et al.]  |g xviii,609p 
250 |b 2nd ed. 
260 |b Jaypee Brothers Medical Publishers(P)   |c 2013  |d Book  |h New Delhi  |i 696762  |i 696763  |l RB113.T13  |m Physiology, pathological  |m Clinical biochemistry  |m Biochemistry  |m Pathology  |m Tittle 
500 |a It includes bibliography and index. 
942 |a lcc  |c BK  |e Olagoke, M.A  |f 12/08/2021 
952 |0 0  |1 0  |2 lcc  |4 0  |7 0  |9 2988  |a HOL  |b ML  |c QZ  |d 2021-12-16  |o RB 113.T13  |p 2021-66674  |t 696762  |y BK 
952 |0 0  |1 0  |2 lcc  |4 0  |7 0  |9 2989  |a HOL  |b HOL  |c QZ  |d 2021-12-16  |o RB 113.T13  |p 2021-66675  |t 696763  |y BK 
999 |c 1514  |d 1514